000 00665nam a2200289Ia 4500
005 20260324142849.0
008 008 260324s9999 xx 000 0 eng d
020 _a9780203765685
037 _aEBOOK
040 _aCRL
040 _beng
040 _cCRL
041 _2eng
041 _aeng
084 _qCRL
100 _aJoan C. Barth
_91213513
245 0 _aIt Runs In My Family
245 0 _bIllness As A Family Legacy
260 _bTaylor and Francis
260 _c1993
365 _a
365 _b300
856 _uhttp://www.taylorfrancis.com/books/9780203765685
942 _cEBOOK
999 _c1818229
_d1818229